The 1945 Constitution of the Republic of Indonesia ; (Record no. 3395)

MARC details
000 -LEADER
fixed length control field 01263cam a2200325 a 4500
001 - CONTROL NUMBER
control field 14810048
003 - CONTROL NUMBER IDENTIFIER
control field OSt
005 - DATE AND TIME OF LATEST TRANSACTION
control field 20230703151518.0
008 - FIXED-LENGTH DATA ELEMENTS--GENERAL INFORMATION
fixed length control field 070416s2003 io f000 0 eng
010 ## - LIBRARY OF CONGRESS CONTROL NUMBER
LC control number 2006327336
040 ## - CATALOGING SOURCE
Original cataloging agency DLC
Transcribing agency DLC
041 1# - LANGUAGE CODE
Language code of text/sound track or separate title eng
Language code of original ind
042 ## - AUTHENTICATION CODE
Authentication code lcode
043 ## - GEOGRAPHIC AREA CODE
Geographic area code a-io---
082 ## - DEWEY DECIMAL CLASSIFICATION NUMBER
Classification number 342.45
Item number ROI
110 1# - MAIN ENTRY--CORPORATE NAME
Corporate name or jurisdiction name as entry element Indonesia.
240 10 - UNIFORM TITLE
Uniform title Undang-Undang Dasar (1945).
Language of a work English
245 14 - TITLE STATEMENT
Title The 1945 Constitution of the Republic of Indonesia ;
Remainder of title and, The Act number 24 of 2003 on the Constitutional Court of the Republic of Indonesia.
260 ## - PUBLICATION, DISTRIBUTION, ETC. (IMPRINT)
Place of publication, distribution, etc. [Jakarta] :
Name of publisher, distributor, etc. Constitutional Court of the Republic of Indonesia, Secretariat General,
Date of publication, distribution, etc. 2003.
300 ## - PHYSICAL DESCRIPTION
Extent 200 p. ;
Dimensions 15 cm.
650 #0 - SUBJECT ADDED ENTRY--TOPICAL TERM
Topical term or geographic name as entry element Constitutions
Geographic subdivision Indonesia.
650 #0 - SUBJECT ADDED ENTRY--TOPICAL TERM
Topical term or geographic name as entry element Constitutional law
Geographic subdivision Indonesia.
650 #0 - SUBJECT ADDED ENTRY--TOPICAL TERM
Topical term or geographic name as entry element Constitutional courts
Geographic subdivision Indonesia.
710 1# - ADDED ENTRY--CORPORATE NAME
Corporate name or jurisdiction name as entry element Indonesia.
Subordinate unit Mahkamah Konstitusi.
-- Sekretariat Jenderal dan Kepaniteraan.
710 12 - ADDED ENTRY--CORPORATE NAME
Corporate name or jurisdiction name as entry element Indonesia.
Title of a work Undang-Undang Tentang Mahkamah Konstitusi.
Language of a work English.
Date of a work 2003.
740 02 - ADDED ENTRY--UNCONTROLLED RELATED/ANALYTICAL TITLE
Uncontrolled related/analytical title Act number 24 of 2003 on the Constitutional Court of the Republic of Indonesia.
906 ## - LOCAL DATA ELEMENT F, LDF (RLIN)
a 7
b cbc
c origode
d 2
e ncip
f 20
g y-gencatlg
942 ## - ADDED ENTRY ELEMENTS (KOHA)
Source of classification or shelving scheme Dewey Decimal Classification
Koha item type Books

No items available.

LIBRARY OPENING HOURS

When the Parliament is sitting: 8.00a.m - 7.00p.m or until the house adjourns
Mondays and Fridays and when the House is on Recess:  8.00a.m - 5.00p.m
Closed on Weekends and Public Holidays

Online Public Access Catalog (OPAC)
Website: http://www.parliament.go.ke
Bunge Library: https://libraryir.parliament.go.ke
Contact: library@parliament.go.ke | Tel no: (254-2)2221291 or 2848000 Ext 5043